Normal view
MARC view
- CARITHERS,BAKER HEARN
Entry Personal Name
001 - CONTROL NUMBER
- control field: 89245
003 - CONTROL NUMBER IDENTIFIER
- control field: NUST
005 - DATE AND TIME OF LATEST TRANSACTION
- control field: 20220221104959.0
008 - FIXED-LENGTH DATA ELEMENTS
- fixed length control field: 220221|| aca||aabn | a|a d
040 ## - CATALOGING SOURCE
- Original cataloging agency: NUST
- Transcribing agency: NUST
100 ## - HEADING--PERSONAL NAME
- Personal name: CARITHERS,BAKER HEARN
670 ## - SOURCE DATA FOUND
- Source citation: Work cat.: (NUST): CARITHERS,BAKER HEARN., COMPUTER GRAPHICS WITH OPEN GL, 2014.
